000 00644nam a2200229Ia 4500
003 OSt
005 20221007075550.0
006 a|||||r|||| 00| 0
007 ta
008 221006b |||||||| |||| 00| 0 eng d
024 _a18,077
037 _cTextual
040 _aFLL
_cFLL
_beng
041 _2eng
_aeng
082 _aY31:7:7.4.N7, M2
100 _aUphoff N.T. Ed.
_9693991
245 0 _aRural development and local organization in asia
260 _aNew Delhi
_bMacmillan india limited India
_c1982
300 _a549p
_ccm.
942 _hY31:7:7.4.N7, M2
_cTEXL
_2CC
999 _c1156555
_d1156555